| 000 | 01084nam a22002297a 4500 | ||
|---|---|---|---|
| 001 | 78616 | ||
| 003 | BD-RjUL | ||
| 005 | 20211209083141.0 | ||
| 008 | 211021s1964 ii ||||| |||| 00| 0 ben d | ||
| 035 | _a(BD-RjUL)78842 | ||
| 040 |
_aBD-RjUL _beng _cBD-RjUL |
||
| 041 | _aben | ||
| 082 |
_223 _a813.52 _bHEF 1964 |
||
| 100 |
_aহেমিংওয়ে, আর্নেস্ট _9249220 |
||
| 245 | 1 | 0 |
_aফর হুম দি বেল টোলস / _cআর্নেস্ট হেমিংওয়ে ; অনুবাদ জিতেন্দ্রনাত চক্রবর্তী |
| 260 |
_aকলিকাতা : _bমিত্র ও ঘোষ, _c১৯৬৪ |
||
| 300 |
_a৬১০ পৃ.; _c২২ সেমি. |
||
| 600 |
_aহেমিংওয়ে, আর্নেস্ট, _d১৮৯৯-১৯৬১ _xযার জন্য ঘণ্টা বাজে _9249227 |
||
| 600 |
_aHemingway, Ernest, _d1899-1961 _xFor whom the bell tolls _9249228 |
||
| 700 |
_aচক্রবর্তী, জিতেন্দ্রনাত _9249229 |
||
| 942 |
_2ddc _cBK |
||
| 999 |
_c78616 _d78616 |
||